LEADER 01038cam0 22002531 450 001 SOBE00056114 005 20170615113528.0 100 $a20170615d1807 |||||ita|0103 ba 101 $afre 102 $aFR 200 1 $aCranologie, ou Découvertes nouvelles du docteur F. J. Gall, concernant le cerveau, le crâne et les organes ... Ouvrage traduit de l'allemand 210 $aParis$cchez H. Nicolle$d1807 215 $aXVI, 342 p.$d8° 700 1$aGall$b, Franz Josef$3SOBA00014788$4070$0155544 712 02$a*Nicolle, Gabriel Henri$3SOBA00014789$4070 801 0$aIT$bBEM$c20170615$gRICA 850 $aBEM 852 $aBEM$j2$m00530 912 $aSOBE00056114 940 $aM 103 Monografia antica SBN 941 $aM 957 $xLibrerie|Verdi$a2$b121$gNO$cLV$d00530$hLibrerieVerdi$1tcalvano$2BEM$3BEM$420170615113454.0$520170615113528.0$6tcalvano 996 $aCranologie, ou Découvertes nouvelles du docteur F. J. Gall, concernant le cerveau, le crâne et les organes ... Ouvrage traduit de l'allemand$91725998 997 $aUNISOB LEADER 02610oam 2200721 450 001 9910706972203321 005 20180406111356.0 035 $a(CKB)5470000002459754 035 $a(OCoLC)652145412$z(OCoLC)896810610 035 $a(OCoLC)995470000002459754 035 $a(EXLCZ)995470000002459754 100 $a20100802d1979 ua 0 101 0 $aeng 135 $aurmn||||||||| 181 $ctxt$2rdacontent 182 $cc$2rdamedia 183 $acr$2rdacarrier 200 10$aPhysical stratigraphy and trilobite biostratigraphy of the Carrara Formation (Lower and Middle Cambrian) in the southern Great basin /$fby Allison R. Palmer and Robert B. Halley 210 1$aWashington :$cUnited States Department of the Interior, Geological Survey,$d1979. 215 $a1 online resource (v, 131 pages, 16 pages of plates) $cillustrations, maps +$e2 plates 225 1 $aGeological Survey professional paper ;$v1047 300 $a"Nine members are described; a model for Grand Cycle sedimentation is proposed; nine trilobite zonules are defined; and 95 species representing 38 genera are described." 320 $aIncludes bibliographical references (pages 121-126) and index. 517 $aPhysical stratigraphy and trilobite biostratigraphy of the Carrara Formation 606 $aGeology, Stratigraphic$yCambrian 606 $aTrilobites$zCalifornia 606 $aTrilobites$zNevada 606 $aPaleontology$yCambrian 606 $aGeology$zCalifornia 606 $aGeology$zNevada 606 $aCambrian Geologic Period$2fast 606 $aGeology$2fast 606 $aGeology, Stratigraphic$2fast 606 $aPaleontology$2fast 606 $aTrilobites$2fast 607 $aCalifornia$2fast 607 $aNevada$2fast 615 0$aGeology, Stratigraphic 615 0$aTrilobites 615 0$aTrilobites 615 0$aPaleontology 615 0$aGeology 615 0$aGeology 615 7$aCambrian Geologic Period. 615 7$aGeology. 615 7$aGeology, Stratigraphic. 615 7$aPaleontology. 615 7$aTrilobites. 700 $aPalmer$b Allison R.$01392310 702 $aHalley$b Robert B. 712 02$aGeological Survey (U.S.), 801 0$bOCLCE 801 1$bOCLCE 801 2$bOCLCQ 801 2$bOCLCO 801 2$bOCLCF 801 2$bCOP 801 2$bOCLCQ 801 2$bGPO 906 $aBOOK 912 $a9910706972203321 996 $aPhysical stratigraphy and trilobite biostratigraphy of the Carrara Formation (Lower and Middle Cambrian) in the southern Great basin$93478234 997 $aUNINA LEADER 01383nam0 22003131i 450 001 UON00262653 005 20231205103719.338 010 $a88-7115-272-7 100 $a20050406d2002 |0itac50 ba 101 $aita 102 $aIT 105 $a|||| ||||| 200 1 $aHegel critico e scettico$eilluminismo, repubblicanesimo e antinomia alle origini della dialettica, (1785-1800)$fItalo Testa$gpresentazione di Luigi Ruggiu 210 $aPadova$cIl Poligrafo$d2002 215 $a350 p.$d21 cm. 316 $aDono dell'editore.$5IT-UONSI FS2.0/0273 410 1$1001UON00101810$12001 $aRicerche$fcollana della Facoltà di Lettere e Filosofia dell'Università di Venezia$v28 606 $aHEGEL GEORG WILHELM FRIEDRICH$xDIALETTICA$3UONC056121$2FI 620 $aIT$dPadova$3UONL000153 676 $a193$cFilosofia occidentale moderna. Germania e Austria$v21 700 1$aTESTA$bItalo$3UONV152962$0287502 702 1$aRUGGIU$bLuigi$3UONV070152 712 $aIl Poligrafo$3UONV260867$4650 801 $aIT$bSOL$c20250509$gRICA 899 $aSIBA - SISTEMA BIBLIOTECARIO DI ATENEO$2UONSI 912 $aUON00262653 950 $aSIBA - SISTEMA BIBLIOTECARIO DI ATENEO$dSI FS 2.0 0273 $eSI FP 17700 5 0273 Dono dell'editore.$sBuono 996 $aHegel critico e scettico$985287 997 $aUNIOR